000 00414cam a2200169ua 4500
001 13490
008 141204n1992 II |||gr||||Z||||||eng
040 _aMAIN
041 _aEnglish
082 _a338.74 SOM
100 _aSOM , S.P.S .
245 _aWORKERS PARTICIPATION IN PUBLIC ENTER PRISES
250 _a1ST.
260 _aNEW DELHI
_bDEEP & DEEP PUBLICATION
_c1992
300 _a334.:
_c22CM.
942 _cBK
999 _c13377
_d13377